Kashmir /

Saved in:
நூற்பட்டியல் விவரங்கள்
தலைமை எழுத்தாளர்: Trippodo, Sergio.
வடிவம்: புத்தகம்
மொழி:Italian
வெளியீடப்பட்டது: Roma : Editori riuniti, 2004.
பதிப்பு:1. ed.
தொகுதி:Giro del mondo.
பகுதிகள்:
குறியீடுகள்: குறிச்சொல் இணை
குறியீடுகள் இல்லை, இந்த குறிச்சொல்லை முதலில் பதிவு செய்யுங்கள்!
LEADER 00831cam a2200301 a 4500
001 009459654-9
005 20090417012838.0
008 040726s2004 it ab dc 000 0 ita c
020 |a 9788835955528 
020 |a 8835955521 
035 0 |a ocm56022367 
040 |a C3L  |c C3L  |d PAU 
042 |a pcc 
043 |a a-ii--- 
045 |a x0x4  |a x4x- 
050 4 |a DS485.K25  |b T75 2004 
082 1 4 |a 954  |2 12 
100 1 |a Trippodo, Sergio. 
245 1 0 |a Kashmir /  |c Sergio Trippodo. 
250 |a 1. ed. 
260 |a Roma :  |b Editori riuniti,  |c 2004. 
300 |a 123 p. :  |b ill., maps ;  |c 21 cm. 
490 1 |a Giro del mondo 
651 0 |a Jammu and Kashmir (India)  |x History  |v Dictionaries. 
651 0 |a Jammu and Kashmir (India)  |x Politics and government  |v Dictionaries. 
830 0 |a Giro del mondo. 
988 |a 20040923 
906 |0 OCLC